[Event "Djerba Open A 2025"]
[Site "Djerba TUN"]
[Date "2025.02.23"]
[Round "9.2"]
[White "Velten, Paul"]
[Black "Amdouni, Zoubaier"]
[Result "1-0"]
[WhiteTitle "GM"]
[BlackTitle "FM"]
[WhiteElo "2505"]
[BlackElo "2229"]
[WhiteFideId "681091"]
[BlackFideId "5500419"]
[EventDate "2025.02.16"]

1. d4 d5 2. Nf3 Nf6 3. Bf4 e6 4. e3 Bd6 5. Nbd2 O-O 6. Bd3 c5 7. dxc5 Bxf4 8.
exf4 Qc7 9. g3 a5 10. a3 a4 11. O-O Nbd7 12. c3 Nxc5 13. Bc2 Rd8 14. Re1 Bd7 15.
Nd4 Qb6 16. Rb1 Bb5 17. Re3 Bc4 18. Nxc4 dxc4 19. Qe2 Nb3 20. Bxb3 cxb3 21. Re1
Qa6 22. Qf3 g6 23. g4 Re8 24. h4 Qa5 25. Re5 Qc7 26. h5 Nd7 27. R5e3 Nb6 28. h6
Nc4 29. R3e2 Red8 30. f5 exf5 31. Nxf5 Qb6 32. Re6 Qc5 33. Ne7+ Kf8 34. Nxg6+
hxg6 35. Qf6 1-0

[Event "Djerba Open A 2025"]
[Site "Djerba TUN"]
[Date "2025.02.23"]
[Round "9.3"]
[White "Pichon, Ewen"]
[Black "Boudriga, Mohamed Ali"]
[Result "1-0"]
[WhiteTitle "FM"]
[BlackTitle "IM"]
[WhiteElo "2351"]
[BlackElo "2323"]
[WhiteFideId "45155593"]
[BlackFideId "5500460"]
[EventDate "2025.02.16"]

1. Nf3 Nf6 2. c4 e6 3. Nc3 d5 4. e3 Be7 5. b3 O-O 6. Bb2 b6 7. cxd5 exd5 8. d4
Bd6 9. Bd3 Bb7 10. O-O a6 11. Ne2 Qe7 12. Ng3 g6 13. Ne5 Ne4 14. Bxe4 dxe4 15.
Nc4 Bd5 16. Nxd6 cxd6 17. Rc1 Ra7 18. Qd2 Nd7 19. Qb4 a5 20. Qb5 Bb7 21. Rfd1
Ba6 22. Qd5 Bb7 23. Qb5 Ba6 24. Qc6 Bb7 25. Qa4 Bd5 26. Qb5 Nf6 27. Qxb6 Rfa8
28. Ba3 Ra6 29. Qc7 Qe6 30. Ne2 g5 31. Nc3 h5 32. Na4 h4 33. Nb6 Rf8 34. Bxd6
Ne8 35. Qe7 Qxe7 36. Bxe7 Rxb6 37. Rc5 Bb7 38. Rxg5+ Ng7 39. d5 f6 40. Bxf8 fxg5
41. Bxg7 Bc8 42. Be5 Bd7 43. Bc7 Ra6 44. Bd8 h3 45. gxh3 Bxh3 46. d6 Kf7 47. d7
Ra7 48. Bc7 1-0

[Event "Djerba Open A 2025"]
[Site "Djerba TUN"]
[Date "2025.02.23"]
[Round "9.4"]
[White "Thorfinnsson, Bjorn"]
[Black "Filali, Razzouki Marouane"]
[Result "1/2-1/2"]
[WhiteTitle "IM"]
[BlackTitle "CM"]
[WhiteElo "2377"]
[BlackElo "2234"]
[WhiteFideId "2300982"]
[BlackFideId "9003720"]
[EventDate "2025.02.16"]

1. d4 Nf6 2. Nf3 e6 3. c4 d5 4. g3 Be7 5. Bg2 O-O 6. O-O b6 7. cxd5 exd5 8. Nc3
Bb7 9. Bf4 Ne4 10. Rc1 Nxc3 11. Rxc3 Bd6 12. Qc1 Na6 13. a3 c5 14. dxc5 Nxc5 15.
Rd1 Ne4 16. Rc2 Rc8 17. Rxc8 Qxc8 18. Nd4 Qxc1 19. Rxc1 Bc5 20. Be3 Bxd4 21.
Bxd4 Rc8 22. Rd1 f6 23. f3 Ng5 24. Bc3 Re8 25. Kf2 Nf7 26. f4 Rd8 27. Bh3 Nd6
28. Ke1 Kf7 29. Rc1 Bc8 30. Bg2 Be6 31. Bb4 Rc8 32. Rd1 Ne4 33. f5 Bxf5 34. Rxd5
Rc1+ 35. Rd1 Rxd1+ 36. Kxd1 Ke6 37. Kc1 g5 38. b3 Ke5 39. a4 Kd4 40. Be7 Ke3 41.
Kd1 Be6 42. b4 Bb3+ 43. Ke1 Bxa4 44. Bxe4 1/2-1/2

[Event "Djerba Open A 2025"]
[Site "Djerba TUN"]
[Date "2025.02.23"]
[Round "9.5"]
[White "Willems, Niels"]
[Black "Bouzidi, Ahmed"]
[Result "1-0"]
[WhiteTitle "FM"]
[BlackTitle "CM"]
[WhiteElo "2414"]
[BlackElo "2168"]
[WhiteFideId "20695586"]
[BlackFideId "5501733"]
[EventDate "2025.02.16"]

1. c4 Nf6 2. Nc3 b6 3. e4 d6 4. d4 Nbd7 5. g3 Bb7 6. Bg2 g6 7. Nge2 Bg7 8. O-O
e5 9. d5 O-O 10. h3 a5 11. Be3 Ba6 12. b3 h6 13. Qd2 Kh7 14. f4 exf4 15. gxf4
Nc5 16. Bd4 Qe7 17. Qc2 Rae8 18. Rae1 Bc8 19. Ng3 Nh5 20. Bxg7 Nxg7 21. Nb5 Qh4
22. Kh2 Na6 23. e5 Bd7 24. Nd4 Nc5 25. Qd2 Bf5 26. Ngxf5 gxf5 27. Qc2 Qh5 28.
Bf3 Qh4 29. Bg4 Kh8 30. Nxf5 Nxf5 31. Qxf5 Rg8 32. Re3 Rg7 33. Rff3 Reg8 34. Qf6
Qxf6 35. exf6 Rg6 36. f5 Rg5 37. Rf2 Nd7 38. Re7 Nxf6 39. Be2 R8g7 40. Bf1 Rh5
41. Be2 Rhg5 42. Bf1 Rh5 43. Kh1 Ng4 44. Rf4 Ne5 45. Rxc7 Rhg5 46. Rf2 Rg1+ 47.
Kh2 R1g3 48. f6 R7g6 49. Bg2 Nd3 50. Re2 Nf4 51. Re8+ Rg8 52. Rxg8+ Rxg8 53. Bf3
Ng6 54. Be4 Re8 55. Bxg6 fxg6 56. Rd7 Re2+ 57. Kg3 Kg8 58. Rxd6 Rxa2 59. Rxb6
Kf7 60. c5 Rc2 61. c6 Rc5 62. d6 Kxf6 63. d7 1-0

[Event "Djerba Open A 2025"]
[Site "Djerba TUN"]
[Date "2025.02.23"]
[Round "9.7"]
[White "Stopa, Jacek"]
[Black "Achour, Mohamed Anis"]
[Result "1-0"]
[WhiteTitle "GM"]
[WhiteElo "2310"]
[BlackElo "2066"]
[WhiteFideId "1119591"]
[BlackFideId "7904649"]
[EventDate "2025.02.16"]

1. e4 c5 2. Nf3 Nc6 3. Nc3 e6 4. Bb5 Nge7 5. d4 cxd4 6. Nxd4 d6 7. Be3 a6 8. Be2
Nxd4 9. Qxd4 Nc6 10. Qd2 Be7 11. Na4 b5 12. Nb6 Rb8 13. Nxc8 Qxc8 14. f4 O-O 15.
O-O Bf6 16. c3 Rd8 17. Rac1 Qb7 18. Bf3 Rbc8 19. Rfd1 g6 20. Qf2 Qb8 21. Bb6 Rd7
22. Rc2 1-0

[Event "Djerba Open A 2025"]
[Site "Djerba TUN"]
[Date "2025.02.23"]
[Round "9.8"]
[White "Maisuradze, Nino"]
[Black "Hallal, Tarik"]
[Result "0-1"]
[WhiteTitle "WGM"]
[WhiteElo "2174"]
[BlackElo "2083"]
[WhiteFideId "13601717"]
[BlackFideId "7924887"]
[EventDate "2025.02.16"]

1. d4 Nf6 2. c4 e6 3. Nc3 Bb4 4. e3 O-O 5. Ne2 d5 6. a3 Be7 7. Ng3 b6 8. cxd5
exd5 9. Bd3 c5 10. O-O Re8 11. Rb1 Nc6 12. Be2 g6 13. Bf3 Be6 14. Qa4 Qc7 15.
Rd1 Red8 16. Nce2 Bd7 17. Qc2 h5 18. Nf4 h4 19. Nxd5 Nxd5 20. Bxd5 Kg7 21. Ne2
h3 22. g3 Bg4 23. dxc5 Ne5 24. b4 Rxd5 25. Rxd5 Nf3+ 26. Kh1 Bf6 27. Bb2 Ne5 28.
Rxe5 Bxe5 29. Bxe5+ Qxe5 30. Qc3 Qxc3 31. Nxc3 bxc5 32. bxc5 Rc8 33. Rb5 Rd8 34.
Rb1 Rc8 35. Nb5 Rxc5 36. Nxa7 Bd7 37. Kg1 Rc7 38. f3 Rxa7 39. g4 Rxa3 40. Kf2
Be6 41. Re1 f5 42. g5 f4 43. exf4 Ra2+ 44. Kg3 Bf5 45. Rh1 Kf7 46. Kh4 Rg2 47.
Ra1 Rxh2 48. Ra7+ Ke6 49. Ra5 Rb2 50. Ra6+ Kd5 51. Ra5+ Kd4 52. Ra4+ Kc3 53. Ra1
Kd2 54. Kg3 Ke3 55. Ra3+ Ke2 56. Ra1 Rd2 57. Rh1 Rd1 58. Rh2+ Ke3 59. Kh4 Rd4
60. Kg3 Rxf4 61. Rf2 Be4 62. Ra2 Rxf3+ 63. Kh4 Rf2 64. Ra3+ Kf4 65. Ra1 h2 0-1

[Event "Djerba Open A 2025"]
[Site "Djerba TUN"]
[Date "2025.02.23"]
[Round "9.9"]
[White "Papaux, Steve"]
[Black "Boulrens, Ala Eddine"]
[Result "1-0"]
[WhiteElo "2204"]
[BlackElo "2121"]
[WhiteFideId "1337602"]
[BlackFideId "7907559"]
[EventDate "2025.02.16"]

1. e4 d6 2. d4 Nf6 3. Nc3 Nbd7 4. Nf3 e5 5. h3 Be7 6. Be3 c6 7. g4 h6 8. Bd3 Qc7
9. Ne2 exd4 10. Nexd4 Nc5 11. Nd2 Bd7 12. f4 O-O-O 13. b4 Nxd3+ 14. cxd3 d5 15.
e5 Nh7 16. Qa4 c5 17. Qxa7 cxd4 18. Bxd4 Bxb4 19. Rb1 Qa5 20. Rxb4 Qxb4 21. Ke2
Bc6 22. Rc1 Kd7 23. Rb1 Qe7 24. Bc5 Qe6 25. Nf3 Rb8 26. Nd4 Rhc8 27. Nxe6 Kxe6
28. Bd6 Ra8 29. Rxb7 Be8 1-0

[Event "Djerba Open A 2025"]
[Site "Djerba TUN"]
[Date "2025.02.23"]
[Round "9.10"]
[White "Rene, Benoit"]
[Black "Kakavand, Ramtin"]
[Result "1/2-1/2"]
[WhiteTitle "FM"]
[BlackTitle "FM"]
[WhiteElo "2108"]
[BlackElo "2106"]
[WhiteFideId "600636"]
[BlackFideId "32790597"]
[EventDate "2025.02.16"]

1. c4 e5 2. g3 Nf6 3. Bg2 d5 4. cxd5 Nxd5 5. Nf3 Nc6 6. O-O Be7 7. d4 exd4 8.
Nxd4 Nxd4 9. Qxd4 Nf6 10. Qa4+ c6 11. Nc3 O-O 12. e4 Be6 13. Rd1 Qb6 14. Qc2
Rad8 15. Be3 Qa5 16. h3 Bc5 17. Bxc5 Qxc5 18. a3 a5 19. Rxd8 Rxd8 20. Rd1 Rd4
21. Rxd4 Qxd4 1/2-1/2

[Event "Djerba Open A 2025"]
[Site "Djerba TUN"]
[Date "2025.02.23"]
[Round "9.11"]
[White "Gemelli, Romain"]
[Black "Messala, Noureddine"]
[Result "1-0"]
[WhiteElo "2203"]
[BlackElo "2069"]
[WhiteFideId "1336401"]
[BlackFideId "9001476"]
[EventDate "2025.02.16"]

1. d4 Nf6 2. c4 e6 3. g3 d5 4. Nf3 Be7 5. Bg2 O-O 6. O-O dxc4 7. Qc2 a6 8. a4
Bd7 9. Qxc4 Bc6 10. Bg5 h6 11. Bxf6 Bxf6 12. Rd1 a5 13. Nc3 Na6 14. e4 Nb4 15.
Rd2 Be8 16. Rad1 c6 17. Qe2 Qb6 18. Qe3 Rd8 19. Bf1 Bd7 20. Bc4 Bc8 21. Qf4 Rd7
22. h4 Qc7 23. e5 Be7 24. Qg4 Nd5 25. Bd3 Rdd8 26. Qe4 f5 27. exf6 Bxf6 28. Qh7+
Kf7 29. Qg6+ Ke7 30. Ne4 Rf7 31. Re1 Rdf8 32. Nc5 b6 33. Nxe6 Bxe6 34. Rde2 Qd7
35. Rxe6+ Qxe6 36. Re3 Qe5 37. Rxe5+ 1-0

[Event "Djerba Open A 2025"]
[Site "Djerba TUN"]
[Date "2025.02.23"]
[Round "9.12"]
[White "Amrane, Abdellah"]
[Black "Viers, Emmanuel"]
[Result "1-0"]
[WhiteTitle "CM"]
[WhiteElo "2021"]
[BlackElo "2072"]
[WhiteFideId "7912994"]
[BlackFideId "656739"]
[EventDate "2025.02.16"]

1. e4 c5 2. Nc3 a6 3. a4 Nc6 4. Nf3 e5 5. Bc4 g6 6. d3 h6 7. h3 Bg7 8. Be3 d6 9.
Qd2 Nge7 10. O-O f5 11. Qe2 f4 12. Bd2 g5 13. a5 g4 14. Nh2 Nd4 15. Qd1 h5 16.
g3 gxh3 17. gxf4 exf4 18. Bxf4 Ng6 19. Be3 Qh4 20. Kh1 Bg4 21. f3 Nxf3 22. Rxf3
Ne5 23. Qf1 Nxf3 24. Nxf3 Qg3 25. Ng5 Be5 26. Qf7+ Kd8 27. Qf2 Qxf2 28. Bxf2 Kd7
29. Nd5 Rag8 30. Nb6+ Kc7 31. Ne6+ Bxe6 32. Bxe6 Rg2 33. Bg1 Rxc2 34. Bxh3 Rf8
35. Bf5 Rxb2 36. Nc4 Rc2 37. Rb1 Rg8 38. Be6 Rg3 39. Nxe5 dxe5 40. Bh2 Rxd3 41.
Bxe5+ Kd8 42. Bf6+ Kc7 43. Be5+ Kd8 44. Bf5 Re2 45. Be6 Rxe4 46. Bf6+ Kc7 47.
Bf5 Rde3 48. Bxe4 Rxe4 49. Rd1 Kc6 50. Rf1 Ra4 51. Bd8 c4 52. Rf6+ Kd7 53. Bb6
c3 54. Rf7+ Kd6 55. Rc7 Ra3 56. Kg2 Kd5 57. Kf3 h4 58. Ke2 h3 59. Kd3 h2 60. Rh7
Ra2 61. Kxc3 Rg2 62. Bc7 Kc6 63. Bxh2 Rg4 64. Bc7 Kb5 65. Bb6 Rg3+ 66. Kd4 Rg4+
67. Kd5 Rg5+ 68. Kd6 Rg8 69. Kc7 Rg5 70. Kxb7 Rf5 71. Rh1 Rf7+ 72. Bc7 Rg7 73.
Rh5+ Kb4 74. Rh6 Kb5 75. Rb6+ Kc5 76. Rxa6 Kb5 77. Rb6+ Kc5 78. a6 Kd4 1-0

[Event "Djerba Open A 2025"]
[Site "Djerba TUN"]
[Date "2025.02.23"]
[Round "9.13"]
[White "Hoekstra, Peter"]
[Black "Rekik, Ismail"]
[Result "1-0"]
[WhiteElo "2000"]
[BlackElo "2006"]
[WhiteFideId "1023217"]
[BlackFideId "5514100"]
[EventDate "2025.02.16"]

1. e4 c6 2. d4 d5 3. e5 Bf5 4. c4 dxc4 5. Bxc4 e6 6. Ne2 Ne7 7. Ng3 Bg6 8. h4 h6
9. h5 Bh7 10. Nc3 Nf5 11. Nxf5 Bxf5 12. Be3 Nd7 13. g4 Bh7 14. f4 Qb6 15. Qe2
O-O-O 16. a3 Kb8 17. b4 Bxb4 18. axb4 Qxb4 19. O-O Qxc3 20. Rfc1 Qb4 21. d5 Nb6
22. dxc6 bxc6 23. f5 Rd7 24. Rcb1 Qe7 25. Qf2 Rc8 26. Ba6 c5 27. Bxc8 Kxc8 28.
Rc1 Rc7 29. f6 Qd7 30. Bxc5 Qd5 31. Rxa7 Rc6 32. Rxf7 Nd7 33. Be3 Rxc1+ 34. Bxc1
Qd1+ 35. Kh2 Qxc1 36. fxg7 Qg5 37. Rf8+ Kb7 38. Qb2+ Nb6 39. Rf7+ Kc6 40. Qc3+
Kd5 41. Qb3+ Kxe5 42. Qxb6 Qh4+ 43. Kg2 Qxg4+ 44. Kf2 Qh4+ 45. Ke2 Qxh5+ 46. Rf3
Qh2+ 47. Rf2 Qh5+ 48. Kd2 Qg4 49. Qc5+ 1-0

[Event "Djerba Open A 2025"]
[Site "Djerba TUN"]
[Date "2025.02.23"]
[Round "9.14"]
[White "Loeffler, Markus"]
[Black "Zounani, Yacine"]
[Result "1-0"]
[WhiteTitle "IM"]
[WhiteElo "2232"]
[BlackElo "2132"]
[WhiteFideId "4604822"]
[BlackFideId "20695594"]
[EventDate "2025.02.16"]

1. e4 e6 2. Nf3 d5 3. e5 c5 4. b4 cxb4 5. a3 bxa3 6. d4 Nc6 7. c3 Bd7 8. Bd3 b5
9. O-O b4 10. cxb4 Nxb4 11. Be2 a2 12. Nc3 Ne7 13. Bg5 h6 14. Nb5 1-0

[Event "Djerba Open A 2025"]
[Site "Djerba TUN"]
[Date "2025.02.23"]
[Round "9.15"]
[White "Doucet, Pierre-Alois"]
[Black "Chelly, Yahya"]
[Result "0-1"]
[WhiteElo "2027"]
[BlackElo "2106"]
[WhiteFideId "551065738"]
[BlackFideId "5516200"]
[EventDate "2025.02.16"]

1. e4 c6 2. d4 d5 3. exd5 cxd5 4. Bd3 Nc6 5. c3 Nf6 6. Bf4 Bg4 7. Qb3 Qd7 8. Nd2
e6 9. Ngf3 Bd6 10. Bxd6 Qxd6 11. O-O O-O 12. Rae1 Bxf3 13. Nxf3 Rab8 14. Ne5 Qc7
15. f4 b5 16. Rf3 b4 17. Rh3 Rfc8 18. Ba6 Rd8 19. Qc2 Nxd4 20. Qa4 Nf5 21. Nc6
Qb6+ 22. Kh1 Ng4 23. Rf1 Nf2+ 24. Rxf2 Qxf2 25. Rf3 Qxb2 26. Nxd8 Rxd8 27. Qxb4
Qxa2 28. Bf1 Qa1 29. Qc5 a5 30. g4 Qd1 31. Qf2 Nd6 32. Rd3 Ne4 33. Qg2 Qe1 34.
Kg1 Rc8 0-1